Destinos del Aeroparque Jorge Newbery (Buenos Aires) - Estadísticas

Estadísticas generales
  • Esta prueba ha sido intentada 74 veces
    7 desde el último reinicio
  • La puntuación promedio es 45 de 62
Estadísticas de respuestas
Aerolíneas Destino % Correcto
Aerolíneas ArgentinasFlybondi
JetSMART
Paranair
Asunción
100%
Aerolíneas ArgentinasGol Linhas Aéreas Brasilia
100%
Aerolíneas ArgentinasFlybondi JetSMART Córdoba
100%
Aerolíneas ArgentinasFlybondi Corrientes
100%
Aerolíneas Argentinas La Rioja
100%
Aerolíneas ArgentinasJetSMART
LATAM Airlines Sky Airline
Lima
100%
Aerolíneas ArgentinasFlybondi JetSMART Mendoza
100%
Aerolíneas Argentinas Montevideo
100%
Aerolíneas Argentinas Paraná
100%
Aerolíneas ArgentinasJetSMART Resistencia
100%
Aerolíneas Argentinas
Flybondi
Gol Linhas Aéreas JetSMART
Río de Janeiro
100%
Aerolíneas Argentinas Río Gallegos
100%
Aerolíneas Argentinas Rosario
100%
Aerolíneas ArgentinasFlybondi JetSMART Salta
100%
Aerolíneas ArgentinasGol Linhas Aéreas Salvador de Bahia
100%
Aerolíneas ArgentinasFlybondi JetSMART LADE San Carlos de Bariloche
100%
Aerolíneas Argentinas San Fernando del Valle de Catamarca
100%
Aerolíneas ArgentinasFlybondi San Juan (ARG)
100%
Aerolíneas Argentinas San Luis
100%
Aerolíneas ArgentinasFlybondi San Salvador de Jujuy
100%
Aerolíneas Argentinas Santa Fe
100%
Aerolíneas ArgentinasJetSMART
LATAM Airlines
Sky Airline
Santiago de Chile
100%
Aerolíneas ArgentinasFlybondi Santiago del Estero
100%
Aerolíneas ArgentinasFlybondi
Gol Linhas Aéreas
LATAM Airlines
São Paulo
100%
Aerolíneas Argentinas Viedma
100%
Gol Linhas Aéreas Belo Horizonte
80%
Aerolíneas ArgentinasAvianca Bogotá
80%
Aerolíneas ArgentinasFlybondi JetSMART LADE Comodoro Rivadavia
80%
Aerolíneas Argentinas Formosa
80%
Aerolíneas ArgentinasLADE Mar del Plata
80%
Aerolíneas ArgentinasFlybondi JetSMART Neuquén
80%
Aerolíneas ArgentinasFlybondi Posadas
80%
Aerolíneas ArgentinasFlybondi JetSMART Puerto Iguazú
80%
Aerolíneas ArgentinasFlybondi Puerto Madryn
80%
Gol Linhas Aéreas Recife
80%
Aerolíneas ArgentinasJetSMART San Martín de Los Andes
80%
Aerolíneas ArgentinasFlybondi JetSMART San Miguel de Tucumán
80%
Aerolíneas Argentinas San Rafael
80%
Aerolíneas ArgentinasFlybondi JetSMART Ushuaia
80%
Aerolíneas ArgentinasLADE Bahía Blanca
60%
Aerolíneas Argentinas El Calafate
60%
Aerolíneas Argentinas Esquel
60%
Aerolíneas Argentinas Flybondi
Gol Linhas Aéreas JetSMART
Florianópolis
60%
Aerolíneas ArgentinasGol Linhas Aéreas Porto Alegre
60%
Aerolíneas Argentinas Río Cuarto
60%
Aerolíneas Argentinas Río Grande
60%
Aerolíneas Argentinas Santa Rosa
60%
Humming Airways Tandil
60%
Aerolíneas ArgentinasJetSMART Trelew
60%
Aerolíneas Argentinas Curitiba
40%
Gol Linhas Aéreas Fortaleza
40%
Humming Airways Olavarría
40%
Aerolíneas ArgentinasGol Linhas Aéreas Punta del Este
40%
Aerolíneas Argentinas Santa Cruz de la Sierra
40%
Humming Airways Concordia
20%
Humming Airways Venado Tuerto
20%
Humming Airways Villa Gesell
20%
Aerolíneas Argentinas Cabo Frio
0%
Aerolíneas Argentinas Merlo (SL)
0%
Aerolíneas Argentinas Porto Seguro
0%
Aerolíneas Argentinas Termas de Río Hondo
0%
Humming Airways Villa María
0%
No se encontraron pruebas coincidentes
Distribución de puntuación
Porcentaje de gente con cada puntuación
Porcentaje por número respondido
Historial de tus puntuaciones
No has intentado esta prueba desde el último reinicio